000 00471nam a2200193Ia 4500
005 20240823030307.0
008 240823s9999||||xx |||||||||||||| ||und||
020 _a81-203-1954-0
041 _aENGLISH
082 _A629.89 P9
100 _aBandyopadhyay M N
245 0 _aControl Engineering Theory ang Practice
250 _a1st
260 _c2009
_b"PHI,New "
500 _aYES
650 _aControl Problems
_bInstrumentation
942 _cBK
999 _c188355
_d188355